A straightforward guide to your rights as a private tenant (Record no. 102560)

MARC details
000 -LEADER
fixed length control field 01252cam a2200301 4500
008 - FIXED-LENGTH DATA ELEMENTS--GENERAL INFORMATION
fixed length control field 021212n2002 000 0 eng u
020 ## - INTERNATIONAL STANDARD BOOK NUMBER
International Standard Book Number 1899924892
035 ## - SYSTEM CONTROL NUMBER
System control number (Sirsi) u120759
041 ## - LANGUAGE CODE
Language code of text/sound track or separate title eng.
050 ## - LIBRARY OF CONGRESS CALL NUMBER
Classification number 346.4104342
-- 18
100 ## - MAIN ENTRY--PERSONAL NAME
Personal name Sproston, Roger
245 #2 - TITLE STATEMENT
Title A straightforward guide to your rights as a private tenant
250 ## - EDITION STATEMENT
Edition statement 4th ed.
260 ## - PUBLICATION, DISTRIBUTION, ETC.
Place of publication, distribution, etc. London
Name of publisher, distributor, etc. Straightforward Publishing
Date of publication, distribution, etc. 2002
300 ## - PHYSICAL DESCRIPTION
Extent 110p.
Dimensions 22cm.
350 ## - PRICE (NR) (BK AM CF MU VM SE) [OBSOLETE]
Price 8.99
490 ## - SERIES STATEMENT
Series statement Straightforward Guides
520 ## - SUMMARY, ETC.
Summary, etc. A concise guide, aimed at the layperson, which clarifies the law and practice of letting and residing in private sector tenanted property. Among the issues addressed are: the legal framework governing landlord and tenant; the nature of tenancy agreements; payment of premiums and deposits to landlords and agents; repairing responsibilities; and payment of rent-rights and obligations.
650 ## - SUBJECT ADDED ENTRY--TOPICAL TERM
Topical term or geographic name entry element TENANTS' RIGHTS
650 ## - SUBJECT ADDED ENTRY--TOPICAL TERM
Topical term or geographic name entry element LANDLORDS OBLIGATIONS
650 ## - SUBJECT ADDED ENTRY--TOPICAL TERM
Topical term or geographic name entry element TENANCY AGREEMENTS
650 ## - SUBJECT ADDED ENTRY--TOPICAL TERM
Topical term or geographic name entry element REPAIRS
650 ## - SUBJECT ADDED ENTRY--TOPICAL TERM
Topical term or geographic name entry element PRIVATE TENANTS
650 ## - SUBJECT ADDED ENTRY--TOPICAL TERM
Topical term or geographic name entry element PUBLIC SECTOR TENANCIES
650 ## - SUBJECT ADDED ENTRY--TOPICAL TERM
Topical term or geographic name entry element JOINT TENANCIES
690 ## - LOCAL SUBJECT ADDED ENTRY--TOPICAL TERM (OCLC, RLIN)
Topical term or geographic name as entry element PROPERTY-RESIDENTIAL PROPERTY-RESIDENTIAL LANDLORD AND TENANT-RESIDENTIAL TENANCIES
942 ## - ADDED ENTRY ELEMENTS (KOHA)
Suppress in OPAC 0
Holdings
Withdrawn status Lost status Source of classification or shelving scheme Damaged status Not for loan Home library Current library Shelving location Date acquired Cost, normal purchase price Total Checkouts Full call number Barcode Date last seen Date last checked out Copy number Cost, replacement price Price effective from Koha item type
    Dewey Decimal Classification     London London Books 18/03/2003 7.99 2 346.4104342 SPR 30068442 06/08/2019 12/03/2008 1 7.99 06/08/2019 Book